Loading...
| History - World History | 3 | 2 | 1 | 0 | 60 | 59 | 67.60 | 2 | 5 |
| Science - Chemistry | 1 | 3 | 0 | 0 | 45 | 62 | 88.25 | 0 | 4 |
| History - Other History | 2 | 1 | 0 | 1 | 40 | 14 | 69.00 | 1 | 2 |
| Science - Physics | 0 | 2 | 0 | 1 | 20 | 105 | 119.00 | 0 | 0 |
| Religion | 0 | 2 | 0 | 0 | 20 | 99 | 100.00 | 1 | 1 |
| Mythology | 1 | 0 | 0 | 0 | 15 | 74 | 74.00 | 0 | 1 |
| History - European History | 1 | 0 | 0 | 0 | 15 | 19 | 19.00 | 0 | 1 |
| Literature - British Literature | 1 | 0 | 0 | 0 | 15 | 64 | 64.00 | 0 | 1 |
| Other Academic | 0 | 1 | 0 | 1 | 10 | 126 | 126.00 | 0 | 0 |
| Religion- Edited | 0 | 1 | 0 | 0 | 10 | 99 | 99.00 | 0 | 0 |
| Fine Arts - Visual Fine Arts | 0 | 1 | 0 | 0 | 10 | 78 | 78.00 | 0 | 1 |
| History - American History | 0 | 1 | 0 | 1 | 10 | 143 | 143.00 | 0 | 1 |
| Science - Other Science | 0 | 0 | 1 | 0 | -5 | 0.00 | 0 | 0 |